000 00477nam a22001457a 4500
008 150331b xxu||||| |||| 00| 0 eng d
020 _a978086922827
050 _aBX1913.W489
100 _aWermter, Oskar.
_916806
245 _aCatholicity of the church
_breflection for pastoral workers
_c/by Oskar, Wermer
260 _aGweru, Zimbabwe
_bMambo Press
_c2010
300 _aiv,124p. ;
_c21cm.
650 _aPastoral theology
_xCatholic church
_916807
942 _2lcc
_cMONOGRAPH
999 _c122557
_d122557